| 000 | 00555nam a22001817a 4500 | ||
|---|---|---|---|
| 005 | 20140324124939.0 | ||
| 010 | _aENG-109614 | ||
| 020 | _c200.00 | ||
| 035 | _aEN-93147 | ||
| 037 | _bDBAD/PUB | ||
| 100 | _aRagland, Annie | ||
| 245 |
_aFungi and plant pathology / _cby Annie Ragland [and] V. Kumaresan |
||
| 260 |
_bSaras Publication _c2010 _aKanyakumari |
||
| 270 |
_bKanyakumari _e629002 _a114/35G, A. R. P. Camp Road, Periavilai, Kottar P. O., Nagercoil |
||
| 300 |
_axiii,348p. _c20cm(pbk) |
||
| 700 | _aKumaresan, V. | ||
| 942 |
_2ddc _cEN _mRAG |
||
| 999 |
_c83155 _d83155 |
||